000 00986nam0a2200277 4500
001 RU\NLR\bibl\430141
005 20250622180446.0
010 _a5-9292-0103-х
_91000
021 _aRU
_b2003-40005
_91900
035 _a(NLR Aleph) 000424005
090 _a712854
_c712854
100 _a20030821d2003 |||y0rusy50 ca
101 0 _arus
102 _aRU
105 _ay |||||||||
200 1 _aМеценатство и благотворительность в сфере отечественного образования: правовые основы
_fА.В. Скоч
210 _aМ.
_cПЭР СЭ
_d2003
215 _a31, [1] с.
_d20
606 0 _aБлаготворительность
_xПравовые вопросы
_yРоссийская Федерация
_92302941
_3RU\NLR\auth\661378666
686 _aХ621.151
700 1 _aСкоч
_bА. В.
_4070
801 0 _aRU
_bNLR
_c20030821
_gPSBO
801 1 _aRU
_bNLR
_c20030821
942 _cBOOK
980 _aNB